|
|
|
|
| LEADER |
00938nab a2200253 i 4500 |
| 001 |
publ6661 |
| 005 |
20181003112257.0 |
| 008 |
160505s2015 hu o 0|| zxx d |
| 022 |
|
|
|a 0236-5383
|
| 024 |
7 |
|
|a 10.1556/018.66.2015.4.11
|2 doi
|
| 024 |
7 |
|
|a 2867668
|2 mtmt
|
| 040 |
|
|
|a SZTE Publicatio Repozitórium
|b hun
|
| 041 |
|
|
|a zxx
|
| 100 |
1 |
|
|a Rédei Dóra
|
| 245 |
1 |
0 |
|a First phytochemical investigation of secondary metabolites of Euphorbia davidii Subils. and antiproliferative activity of its extracts
|h [elektronikus dokumentum] /
|c Rédei Dóra
|
| 260 |
|
|
|a Akadémiai Kiadó
|c 2015
|
| 300 |
|
|
|a 464-467
|
| 490 |
0 |
|
|a Acta Biologica Hungarica
|v 66 No. 4
|
| 700 |
0 |
1 |
|a Kúsz Norbert
|e aut
|
| 700 |
0 |
1 |
|a Szabó Máté
|e aut
|
| 700 |
0 |
1 |
|a Pinke Gyula
|e aut
|
| 700 |
0 |
1 |
|a Zupkó István
|e aut
|
| 700 |
0 |
1 |
|a Hohmann Judit
|e aut
|
| 856 |
4 |
0 |
|u http://publicatio.bibl.u-szeged.hu/6661/1/2867668%20R%C3%A9dei_ActaBiolHung_2015.pdf
|z Dokumentum-elérés
|